LIBRARY & INFORMATION CENTRE, KCAET, TAVANUR

ONLINE PUBLIC ACCESS CATALOGUE (OPAC)

Tractors: Operation, Performance and Maintenance (Record no. 13707)

MARC details
000 -LEADER
fixed length control field 00338nam a22001337a 4500
020 ## - INTERNATIONAL STANDARD BOOK NUMBER
ISBN 9780750689144
082 ## - DEWEY DECIMAL CLASSIFICATION NUMBER
Classification number 631.372
Item number SOU/TR
100 ## - MAIN ENTRY--AUTHOR NAME
Personal name Southorn, Neil
245 ## - TITLE STATEMENT
Title Tractors: Operation, Performance and Maintenance
260 ## - PUBLICATION, DISTRIBUTION, ETC. (IMPRINT)
Place of publication Australia
Name of publisher Inkata Press
Year of publication 1995
300 ## - PHYSICAL DESCRIPTION
Number of Pages 143
500 ## - GENERAL NOTE
General note Practical Farming
942 ## - ADDED ENTRY ELEMENTS (KOHA)
Koha item type Books
Holdings
Withdrawn status Lost status Damaged status Collection code Home library Current library Shelving location Date acquired Source of acquisition Cost, normal purchase price Full call number Accession Number Koha item type
      Non-fiction KAUAET KAUAET General Stacks 31/03/2012 Cosmo Books, Calicut 2490.16 631.372 SOU/TR 22955 Books
      Non-fiction KAUAET KAUAET Scheme 07/11/2012 Penta Books,Calicut   631.372 SOU/TR BB 200 Book Bank scheme for SC students
free website counter